Código penal de la Nación Argentina /
Guardado en:
| Autor Corporativo: | |
|---|---|
| Otros Autores: | |
| Formato: | Libro |
| Idioma: | Spanish |
| Publicado: |
Buenos Aires :
Ediciones La Rocca,
1994.
|
| Materias: | |
| Etiquetas: |
Agregar Etiqueta
Sin Etiquetas, Sea el primero en etiquetar este registro!
|
| LEADER | 00943nam a22002535a 4500 | ||
|---|---|---|---|
| 001 | EAD.ead001539 | ||
| 008 | 080721s1994####ag#######l####001#0#spa#d | ||
| 005 | 20091105154422.0 | ||
| 245 | 1 | 0 | |a Código penal de la Nación Argentina / |c edición al cuidado de Omar Breglia Arias. |
| 260 | |a Buenos Aires : |b Ediciones La Rocca, |c 1994. | ||
| 300 | |a 428 p. ; |c 23 cm. | ||
| 500 | |a "Texto ordenado de la ley 11.179, aprobado por decreto 3992 del 21/12/84"--Portada. | ||
| 500 | |a Incluye legislación complementaria. | ||
| 500 | |a Incluye índice. | ||
| 020 | |a 9509714534 | ||
| 110 | 1 | |a Argentina. | |
| 240 | 1 | 0 | |a Código penal (1921) |
| 700 | 1 | |a Breglia Arias, Omar. | |
| 043 | |a s-ag--- | ||
| 082 | 0 | 4 | |a 343.982 |2 19 |
| 650 | 7 | |a Derecho penal. |2 unbist | |
| 650 | 7 | |a Leyes y reglamentos. |2 unbist | |
| 859 | |a AR-BaBDC |b BIB. ADMINISTRACION - Libros |h 343.982 |i Ar37-1 |p b02959 | ||
| 859 | |a AR-BaBDC |b BIB. ADMINISTRACION - Libros |h 343.982 |i Ar37-1 |p b03096 |t Ej. 2 | ||
